000 00466nam a2200205Ia 4500
008 210210b2006 xxu||||| |||| 00| 0 eng d
020 _a8183240763
041 _aeng
082 _a331.31 SHAC
100 _aSHARMA (Usha)
245 _aChild labour in India
260 _aNew Delhi
_bMittal Publications
_c2006
300 _ax,278
650 _alabour
650 _aIndia
650 _ain
650 _aChild
690 _aChild Labour
906 _aSG04976
999 _c117835
_d117835